000 00407nam a2200169Ia 4500
008 230524s9999 xx 000 0 und d
020 _a9789350144817
082 _a621.382
_bKAT
100 _aSapna Katiyar
_942720
245 0 _aSatellite Communication
250 _a3
260 _aNew Delhi
_bKatson
_c2013
300 _a514p;
500 _aQuantity Number: 1
650 _aElectronics
942 _cBK
999 _c57703
_d57703